¿Son las habilidades matemáticas un asunto de género?: Los estereotipos de género acerca de las matemáticas en niños y niñas de Kínder, sus familias y educadoras (Record no. 193696)

MARC details
000 -CABECERA
campo de control de longitud fija 02749nab a2200289 a 4500
005 - FECHA Y HORA DE LA ÚLTIMA TRANSACCIÓN
campo de control 20250226103959.0
008 - ELEMENTOS DE LONGITUD FIJA--INFORMACIÓN GENERAL
campo de control de longitud fija 991125c2016 cl fr p o 000 0 spa d
035 ## - NÚMERO DE CONTROL DEL SISTEMA
Número de control de sistema UPN01000221599
040 ## - FUENTE DE LA CATALOGACIÓN
Centro catalogador/agencia de origen UPN
Lengua de catalogación spa
Centro/agencia transcriptor UPN
Normas de descripción aacr2
049 ## - COLECCIÓN
Colección ART-E
100 1# - ASIENTO PRINCIPAL--NOMBRE PERSONAL
Nombre de persona Del Río, María Francisca
Enlace - delrio@mail.udp.cl
100 1# - ASIENTO PRINCIPAL--NOMBRE PERSONAL
Nombre de persona Strasser, Katherine
100 1# - ASIENTO PRINCIPAL--NOMBRE PERSONAL
Nombre de persona Susperreguy, María Inés
245 10 - MENCIÓN DE TÍTULO
Título ¿Son las habilidades matemáticas un asunto de género?: Los estereotipos de género acerca de las matemáticas en niños y niñas de Kínder, sus familias y educadoras
Medio [recurso electrónico en línea]
520 3# - NOTA DE RESUMEN, ETC.
Sumario, etc. En Chile se observa una importante brecha en el logro de matemática a favor de los hombres, tanto en pruebas nacionales como internacionales. Algunas teorías plantean que al menos una parte de estas diferencias podrían ser atribuibles a estereotipos de género relativos a las habilidades matemáticas. Este estudio explora los estereotipos de género, implícitos y explícitos, de estudiantes, madres, padres y educadoras en Santiago de Chile. Participaron 180 niños y niñas de medio-bajo y alto NSE (87 niñas) de kínder, sus padres y las 19 educadoras de sus salas, pertenecientes a colegios y escuelas del área urbana de Santiago, Chile. Se aplicaron medidas de estereotipos explícitos e implícitos a los niños, madres, padres y educadoras. Los resultados mostraron que, en promedio, tanto los adultos como los niños del estudio sostienen un estereotipo que asocia la matemática con el género masculino. En el caso de los niños, los resultados de medidas implícitas mostraron que todos los niños y las niñas de NSE medio-bajo asocian la matemática con lo masculino. Las niñas de NSE alto no asocian la matemática con ningún género. Estos hallazgos sugieren que los estereotipos de género y matemática podrían constituir un factor en las brechas de género en términos de rendimiento matemático observadas en nuestro país y abren posibilidades para el desarrollo de intervenciones y políticas públicas tendientes a ofrecer iguales oportunidades de aprendizaje a niños y niñas, específicamente en los grupos de niñas y madres de NSE medio-bajo, quienes presentan de manera más intensa el estereotipo.
650 #4 - ASIENTO SECUNDARIO DE MATERIA - TERMINO TEMATICO
9 (RLIN) 12812
Término de materia o nombre geográfico como elemento de entrada Estereotipos (Psicología social)
650 #4 - ASIENTO SECUNDARIO DE MATERIA - TERMINO TEMATICO
Término de materia o nombre geográfico como elemento de entrada Género
9 (RLIN) 5712
650 #4 - ASIENTO SECUNDARIO DE MATERIA - TERMINO TEMATICO
9 (RLIN) 13035
Término de materia o nombre geográfico como elemento de entrada Matemáticas
650 #4 - ASIENTO SECUNDARIO DE MATERIA - TERMINO TEMATICO
9 (RLIN) 3961
Término de materia o nombre geográfico como elemento de entrada Rendimiento académico
653 0# - TERMINO DE INDIZACION - NO CONTROLADO
Término no controlado Educación infantil
773 ## - ENLACE AL DOCUMENTO FUENTE/ENTRADA DE REGISTRO ANFITRIÓN
Parte(s) relacionada(s) No. 45 (2016), p. 20-53
Título Calidad en la educación
Número Internacional Normalizado para Publicaciones Seriadas 0717-4004
856 4# - LOCALIZACIÓN Y ACCESO ELECTRÓNICOS
Identificador Uniforme del Recurso <a href="https://www.calidadenlaeducacion.cl/index.php/rce/article/view/14">https://www.calidadenlaeducacion.cl/index.php/rce/article/view/14</a>
856 4# - LOCALIZACIÓN Y ACCESO ELECTRÓNICOS
Identificador Uniforme del Recurso <a href="https://doi.org/10.31619/caledu.n45.14">https://doi.org/10.31619/caledu.n45.14</a>
902 ## - ELEMENTOS DE DATOS B LOCAL, LDB (RLIN)
Creó Gloria Jiménez/0525
905 ## - TIPO DE MATERIAL
Tipo de material Articulo
942 ## - ELEMENTOS DE PUNTO DE ACCESO ADICIONAL (KOHA)
Tipo de ítem Koha Artículo Electrónico
Holdings
Estado de retiro Estado de pérdida Estado dañado No para préstamo Código de colección Localización permanente Ubicación/localización actual Ubicación en estantería Fecha de adquisición Total de préstamos Fecha visto por última vez Identificador Uniforme del Recurso Precio válido a partir de Tipo de ítem Koha
        Acceso abierto Bib. Gregorio Torres Quintero Bib. Gregorio Torres Quintero En línea 08/05/2024   08/05/2024 https://doi.org/10.31619/caledu.n45.14 08/05/2024 Artículo Electrónico